000 01149nam a22002777a 4500
001 BD-DhSAU 9278
003 BD-DhSAU
005 20251119125328.0
008 150613b2018 bg a|||| m||| 00| 0 eng d
040 _aBD-DhSAU
082 _222
_a639.8
_bSh614
100 _aSHARNA, SHIFAT JAHAN
_eRegistration # 17-07604
245 _aEffects of dietary fishmeal replacement with the microalgae (oscillatoria sp.) on the growth performance of nile tilapia (oreochromis niloticus) /
_bMS thesis
260 _aSher-e-Bangla Agricultural University :
_bDepartment of Aquaculture,
_c2025;
300 _ax, 50p. :
_bill. ;
_c30 cm.
500 _aMS thesis of Department of Aquaculture,,, Faculty of Fisheries, Sher-e-Bangla Agricultural University, Dhaka, Bangladesh
504 _aIncludes bibliographical reference.
590 _aNazmul
650 _adietary fishmeal replacement
650 _amicroalgae (oscillatoria sp.)
651 _anile tilapia (oreochromis niloticus)
700 _aAssist. Prof. Mir Mohammad Ali
_eSuperviser
700 _aProf. Dr. A. M. Shahabuddin
_eCo-superviser
942 _2ddc
_cTHESIS
999 _c18176
_d18175